| 000 | 01179nam a2200265 u 4500 | ||
|---|---|---|---|
| 001 | 000002219 | ||
| 003 | DO-SdBNP | ||
| 005 | 20260305073949.0 | ||
| 007 | ta | ||
| 008 | 090701s1986 dr r 000 0 spa d | ||
| 040 |
_aDO-SdBNP _bspa _cBNPHU |
||
| 082 | 4 |
_a332 _bS623p _222 |
|
| 245 | 0 | 3 |
_aLa situación y los problemas del sistema financiero nacional / _ceditor e introdución Frank Moya Pons. |
| 260 |
_aSanto Domingo : _bFORUM, _c1986. |
||
| 300 |
_a152 p. ; _c22 cm. |
||
| 490 | 0 |
_aForum _v24 |
|
| 500 | _aExposiciones presentadas en el encuentro sobre la Situación y los Problemas del Sistema Financiero Nacional, celebrado por ORU en el Hotel Santo Domingo Sur, el lunes 18 de noviembre de 1985. | ||
| 590 | _aInventariado, 2018/MFF | ||
| 650 | 4 |
_aSistema financiero _zRepública Dominicana _97092 _vCongresos, conferencias, etc. |
|
| 650 | 4 |
_aMercado financiero _zRepública Dominicana _97093 _vCongresos, conferencias, etc. |
|
| 700 | 1 |
_aMoya Pons, Frank, _d1944- _eed. _92095 |
|
| 711 | 2 |
_aEncuentro sobre la Situación y los Problemas del Sistema Financiera Nacional _d(1985 : _cSanto Domingo) _97091 |
|
| 910 | _aValidado. Control de calidad MFF | ||
| 942 |
_2ddc _cLBS1 |
||
| 999 |
_c2067 _d2067 |
||